000 00672nam a2200229Ia 4500
003 OSt
005 20220926023656.0
006 a|||||r|||| 00| 0
007 ta
008 220923b |||||||| |||| 00| 0 eng d
037 _cGeneral Book
040 _aRTL
_cRTL
_beng
041 _2eng
_aeng
082 _aZ.271cBs, N5/GD
110 _aOrissa, Economics and statistics (D/O)
_9329465
245 0 _aDistrict Statistical Handbook.
260 _aNuapada
_bGovt. Publication India
_c1995
300 _a70p.
_ccm.
700 _aOrissa, Economics and statistics (D/O)
_9329466
942 _hZ.271cBs, N5/GD
_cGB
_2CC
999 _c642125
_d642125